000 00336nam a2200145Ia 4500
008 230917s9999||||xx |||||||||||||| ||und||
040 _e135816
_aMAIN
041 _aEnglish
082 _a822.33 S15K
100 _aUree, Peter, ed.
245 0 _aKing Richard II
260 _aLondon
_bMethuen
_c1964
300 _a210 p.
942 _cBK
999 _c112848
_d112848